[Event "2021 FIDE Online Olympiad"]
[Site "Chess.com"]
[Date "2021.08.28"]
[Round "6.2"]
[White "Roselli Mailhe, Bernardo"]
[Black "Panchoe, Pratul"]
[Result "1-0"]
[WhiteElo "2442"]
[BlackElo "1837"]
[PlyCount "67"]
[EventDate "2021.08.27"]
[EventType "team"]
[EventRounds "9"]
[SourceVersionDate "2018.05.14"]
[WhiteTeam "Uruguay"]
[BlackTeam "Suriname"]
[WhiteTeamCountry "URU"]
[BlackTeamCountry "SUR"]

1. d4 Nf6 2. c4 e6 3. Nf3 b6 4. g3 Bb7 5. Bg2 d5 6. O-O Nbd7 7. cxd5 exd5 8.
Nc3 Bb4 9. Bf4 a6 10. Rc1 O-O 11. Ne5 h6 12. Nxd7 Qxd7 13. Bxc7 b5 14. Be5 Bxc3
15. Rxc3 Qe6 16. Rc7 Qb6 17. Qc2 Rac8 18. Rc1 Nd7 19. Bh3 Nxe5 20. Bxc8 Nc4 21.
Rxb7 Qc6 22. Qf5 g6 23. Qd7 Qxc8 24. Qxc8 Rxc8 25. b3 Rc6 26. bxc4 dxc4 27. a4
bxa4 28. Rb4 c3 29. Rxa4 Kg7 30. Ra3 c2 31. Ra2 Rc4 32. e3 a5 33. Rcxc2 Rb4 34.
Rxa5 1-0

[Event "2021 FIDE Online Olympiad"]
[Site "Chess.com"]
[Date "2021.08.28"]
[Round "6.3"]
[White "dos Ramos, Rosangela"]
[Black "De Leon, Daiana"]
[Result "0-1"]
[WhiteElo "1765"]
[BlackElo "1624"]
[PlyCount "54"]
[EventDate "2021.08.27"]
[EventType "team"]
[EventRounds "9"]
[SourceVersionDate "2018.05.14"]
[WhiteTeam "Suriname"]
[BlackTeam "Uruguay"]
[WhiteTeamCountry "SUR"]
[BlackTeamCountry "URU"]

1. e4 c6 2. d3 d5 3. Nd2 dxe4 4. Nxe4 Nf6 5. Nxf6+ exf6 6. Bf4 Bd6 7. Bxd6 Qxd6
8. Be2 Qb4+ 9. Qd2 Qxb2 10. Qd1 Qc3+ 11. Kf1 O-O 12. Bf3 Bf5 13. Ne2 Qe5 14. h4
Nd7 15. g3 Rfe8 16. Kg2 Qc7 17. d4 Rad8 18. Nf4 Ne5 19. Be2 Ng6 20. Nxg6 Bxg6
21. Bf3 Be4 22. c3 Qa5 23. Qd2 Bxf3+ 24. Kxf3 Qd5+ 25. Kg4 Re4+ 26. Kh3 Rde8
27. Rhe1 Qe6+ 0-1

[Event "2021 FIDE Online Olympiad"]
[Site "Chess.com"]
[Date "2021.08.28"]
[Round "6.4"]
[White "Silva Rosas, Natalia"]
[Black "Kaslan, Alexandra"]
[Result "1-0"]
[WhiteElo "1771"]
[BlackElo "1435"]
[PlyCount "123"]
[EventDate "2021.08.27"]
[EventType "team"]
[EventRounds "9"]
[SourceVersionDate "2018.05.14"]
[WhiteTeam "Uruguay"]
[BlackTeam "Suriname"]
[WhiteTeamCountry "URU"]
[BlackTeamCountry "SUR"]

1. e4 e6 2. d3 d5 3. Nd2 c5 4. Ngf3 Nc6 5. g3 Nf6 6. Bg2 dxe4 7. dxe4 Be7 8.
O-O O-O 9. Re1 e5 10. c3 Bd6 11. Qe2 b6 12. Nf1 Qc7 13. Bg5 Nd7 14. Rad1 h6 15.
Bc1 a5 16. Ne3 Ba6 17. Qd2 Nd4 18. cxd4 cxd4 19. Nd5 Qc5 20. a3 Bc4 21. b4 axb4
22. Nxb4 Bb3 23. Bb2 Bxd1 24. Rxd1 Qa5 25. Nh4 Rfc8 26. Bh3 Ra7 27. Rc1 Rxc1+
28. Qxc1 Qc5 29. Qd1 Nf6 30. Qf3 Qc7 31. Nf5 Bxb4 32. axb4 Qc4 33. Nxh6+ Kh7
34. Ng4 Nxg4 35. Bxg4 Qxb4 36. Bf5+ Kh6 37. Bc1+ g5 38. Qd1 Ra1 39. Bxg5+ Kxg5
40. Qxa1 d3 41. Qc1+ Kf6 42. Bg4 d2 43. Qd1 Qxe4 44. Qf3+ Qxf3 45. Bxf3 e4 46.
Bd1 Ke5 47. Kf1 Kd4 48. Ke2 Kc3 49. h4 b5 50. h5 b4 51. h6 e3 52. fxe3 b3 53.
Bxb3 f5 54. Bd1 Kb2 55. h7 f4 56. gxf4 Kc1 57. f5 Kb2 58. f6 Kc1 59. f7 Kb2 60.
f8=Q Kc1 61. Qc8+ Kb2 62. Qc2+ 1-0

[Event "2021 FIDE Online Olympiad"]
[Site "Chess.com"]
[Date "2021.08.28"]
[Round "6.5"]
[White "Kalka, Shiva"]
[Black "Vazquez, Facundo"]
[Result "0-1"]
[WhiteElo "1614"]
[BlackElo "1970"]
[PlyCount "148"]
[EventDate "2021.08.27"]
[EventType "team"]
[EventRounds "9"]
[SourceVersionDate "2018.05.14"]
[WhiteTeam "Suriname"]
[BlackTeam "Uruguay"]
[WhiteTeamCountry "SUR"]
[BlackTeamCountry "URU"]

1. e4 e6 2. d4 d5 3. exd5 exd5 4. Nf3 Nc6 5. Nc3 Bb4 6. Bd3 Nge7 7. O-O Bg4 8.
Be3 Qd7 9. h3 Bh5 10. a3 Ba5 11. Re1 f6 12. b4 Bb6 13. Be2 O-O 14. Nh2 Bxe2 15.
Rxe2 Nf5 16. Nf3 Rfe8 17. Na4 Nxe3 18. Rxe3 Rxe3 19. fxe3 Nxd4 20. Nxd4 Qxa4
21. Nf5 Qd7 22. Qxd5+ Qxd5 23. Ne7+ Kf7 24. Nxd5 Rd8 25. Nxb6 axb6 26. c4 Rd2
27. Kf1 Rc2 28. Rd1 Rxc4 29. Rd7+ Kg6 30. Rd3 Rc2 31. g3 h5 32. e4 Rc4 33. Re3
Kf7 34. h4 Ke6 35. Ke2 Ke5 36. Kd3 Rd4+ 37. Kc3 Rxe4 38. Rd3 Ke6 39. a4 g5 40.
hxg5 fxg5 41. a5 bxa5 42. bxa5 Ra4 43. Re3+ Kf6 44. Rf3+ Kg6 45. Kb3 Rxa5 46.
Rc3 c6 47. Rc4 Rb5+ 48. Kc3 g4 49. Kd4 Kf5 50. Kc3 Re5 51. Rf4+ Kg5 52. Kd4 Rf5
53. Re4 h4 54. gxh4+ Kxh4 55. Re7 Kg3 56. Ke3 b5 57. Re6 Rf3+ 58. Ke2 Rc3 59.
Ke1 b4 60. Re8 b3 61. Rb8 Kg2 62. Kd2 Rf3 63. Rg8 g3 64. Kc1 Kf2 65. Rg6 g2 66.
Rxc6 g1=Q+ 67. Kb2 Qg7+ 68. Kb1 Qh7+ 69. Kb2 Qc2+ 70. Rxc2+ bxc2 71. Kxc2 Ke2
72. Kb2 Kd2 73. Ka1 Kc2 74. Ka2 Rb3 0-1

[Event "2021 FIDE Online Olympiad"]
[Site "Chess.com"]
[Date "2021.08.28"]
[Round "6.6"]
[White "Roepke, Sofia"]
[Black "Kaslan, Victoria"]
[Result "1-0"]
[WhiteElo "1273"]
[BlackElo "1310"]
[PlyCount "173"]
[EventDate "2021.08.27"]
[EventType "team"]
[EventRounds "9"]
[SourceVersionDate "2018.05.14"]
[WhiteTeam "Uruguay"]
[BlackTeam "Suriname"]
[WhiteTeamCountry "URU"]
[BlackTeamCountry "SUR"]

1. e4 c5 2. Nf3 d6 3. Bb5+ Bd7 4. Bxd7+ Qxd7 5. O-O a6 6. Re1 e6 7. c3 Nf6 8.
d4 cxd4 9. cxd4 Nc6 10. Nc3 Be7 11. d5 Na7 12. dxe6 fxe6 13. e5 dxe5 14. Qe2
Bd6 15. Nxe5 Bxe5 16. Qxe5 Kf7 17. Ne4 Nc6 18. Ng5+ Kg6 19. Qg3 h6 20. Nxe6+
Kh7 21. Nc5 Qf7 22. Be3 Rhe8 23. Nb3 Nb4 24. Nd4 Ne4 25. Qh3 Rad8 26. a3 Nd3
27. Re2 Nd6 28. Rc2 Rc8 29. Rxc8 Rxc8 30. b4 Re8 31. Rd1 Nb2 32. Rb1 Nbc4 33.
Nf3 Kg8 34. Bd4 Nf5 35. Bc3 Nfd6 36. Qg4 Re4 37. Qg3 Nf5 38. Qb8+ Kh7 39. h3
Re8 40. Qf4 Nxa3 41. Rd1 Rf8 42. Ne5 Qb3 43. Qd2 Nb5 44. Ba1 Qe6 45. Qc2 Kg8
46. Qb2 Nfd4 47. Rxd4 Nxd4 48. Qxd4 Qf6 49. Qd2 Rd8 50. Qa2+ Kh7 51. Qc2+ Kg8
52. Qb3+ Kh7 53. Bb2 Qf5 54. Nf3 Rd3 55. Qc4 Rd1+ 56. Kh2 Rd7 57. Qc3 Rf7 58.
Qe3 Rd7 59. Qc3 Qf4+ 60. g3 Qf7 61. Kg2 Qd5 62. Kh2 Rf7 63. Kg2 Qc6 64. Qd3+
Kh8 65. Qe3 Kh7 66. Qd3+ Kg8 67. Qb3 Kh8 68. Qe3 b6 69. g4 Qg6 70. Ne5 Qe6 71.
Nxf7+ Qxf7 72. Qxh6+ Kg8 73. Qe3 Qd5+ 74. Qf3 Qc4 75. Qc3 Qd5+ 76. f3 Qd7 77.
Qc4+ Kh7 78. Qe4+ Kh8 79. Bc3 Qc7 80. Qe8+ Kh7 81. Qe5 Qf7 82. Qf5+ Kg8 83.
Qxf7+ Kxf7 84. Kg3 g6 85. Bd4 b5 86. Kf4 Ke6 87. Kg5 1-0

[Event "2021 FIDE Online Olympiad"]
[Site "Chess.com"]
[Date "2021.08.28"]
[Round "6.1"]
[White "Matola, Ernest"]
[Black "Jean Louis, Marckens"]
[Result "1-0"]
[WhiteElo "1812"]
[BlackElo "2053"]
[PlyCount "131"]
[EventDate "2021.08.27"]
[EventType "team"]
[EventRounds "9"]
[SourceVersionDate "2018.05.14"]
[WhiteTeam "Malawi"]
[BlackTeam "Haiti"]
[WhiteTeamCountry "MWI"]
[BlackTeamCountry "HAI"]

1. Nf3 c6 2. g3 d5 3. Bg2 Nf6 4. O-O Qc7 5. d3 e5 6. Nbd2 Bd6 7. e4 O-O 8. c3
Bg4 9. Qc2 Nbd7 10. h3 Bxf3 11. Nxf3 Rad8 12. Re1 Nc5 13. b4 Ne6 14. Qb3 dxe4
15. dxe4 Be7 16. a4 Rd7 17. Nh4 Rfd8 18. Nf5 Bf8 19. Be3 g6 20. Nh4 b6 21. a5
c5 22. axb6 axb6 23. b5 Rd3 24. Bf1 R3d7 25. f3 Nh5 26. Kh2 Be7 27. Ng2 Kg7 28.
Bc4 Rd6 29. Ra6 Bg5 30. Bxe6 Bxe3 31. Bd5 Bf2 32. Rea1 Bxg3+ 33. Kg1 Qe7 34.
Ra7 R8d7 35. Rxd7 Rxd7 36. Ra6 Qf6 37. c4 Qg5 38. Qd1 Nf4 39. Nxf4 Bxf4+ 40.
Kf1 Rd6 41. Ra7 Rf6 42. Qe2 Bd2 43. Ra3 Bb4 44. Rd3 Qg3 45. Qf2 Qxh3+ 46. Ke2
Rf4 47. Bc6 h5 48. Bd7 f5 49. exf5 gxf5 50. Qg1+ Kf7 51. Bc6 Rd4 52. Bd5+ Kf6
53. Rxd4 cxd4 54. Qg8 Qh2+ 55. Kf1 Qh1+ 56. Kf2 Qe1+ 57. Kg2 Qe2+ 58. Kg1 d3
59. Qh8+ Kg5 60. Qg7+ Kh4 61. Qf6+ Kg3 62. Qg5+ Kh3 63. Qxh5+ Kg3 64. Qg5+ Kh3
65. Qxf5+ Kg3 66. Qg4# 1-0

[Event "2021 FIDE Online Olympiad"]
[Site "Chess.com"]
[Date "2021.08.28"]
[Round "6.2"]
[White "Germinal, Kemly"]
[Black "Mwangupili, Francisco"]
[Result "0-1"]
[WhiteElo "1000"]
[BlackElo "1874"]
[PlyCount "92"]
[EventDate "2021.08.27"]
[EventType "team"]
[EventRounds "9"]
[SourceVersionDate "2018.05.14"]
[WhiteTeam "Haiti"]
[BlackTeam "Malawi"]
[WhiteTeamCountry "HAI"]
[BlackTeamCountry "MWI"]

1. e4 e5 2. Nf3 Nc6 3. Bb5 Nf6 4. O-O Be7 5. Re1 d6 6. d4 exd4 7. Nxd4 Bd7 8.
Nc3 Nxd4 9. Bxd7+ Qxd7 10. Qxd4 O-O 11. Bf4 Qg4 12. Bg3 Nd7 13. Rad1 Bf6 14.
Qc4 Bxc3 15. Qxc3 Rac8 16. Rd3 Rfe8 17. Rde3 h5 18. h3 Qe6 19. Bh4 Ne5 20. f4
Nd7 21. e5 dxe5 22. fxe5 Nf8 23. Re4 Ng6 24. Bg3 Qxa2 25. Qf3 Qxb2 26. Qxh5 Re6
27. Qe2 a5 28. h4 Qa3 29. Re3 Qc5 30. Bf2 Qb4 31. h5 Ne7 32. Qd3 Qg4 33. Qd7
Qxh5 34. Rh3 Qf5 35. Rf3 Qxc2 36. Bh4 Qc5+ 37. Bf2 Qd5 38. Qa4 Rxe5 39. Rd1 Qe6
40. Bd4 Re1+ 41. Kf2 Qe2+ 42. Kg3 Qxd1 43. Qc4 Re6 44. Qc5 Qe1+ 45. Bf2 Qe5+
46. Qxe5 Rxe5 0-1

[Event "2021 FIDE Online Olympiad"]
[Site "Chess.com"]
[Date "2021.08.28"]
[Round "6.3"]
[White "Shriyan Santosh, Priyasha"]
[Black "Seine, Rose Berline"]
[Result "1-0"]
[WhiteElo "1542"]
[BlackElo "1679"]
[PlyCount "127"]
[EventDate "2021.08.27"]
[EventType "team"]
[EventRounds "9"]
[SourceVersionDate "2018.05.14"]
[WhiteTeam "Malawi"]
[BlackTeam "Haiti"]
[WhiteTeamCountry "MWI"]
[BlackTeamCountry "HAI"]

1. c4 e5 2. g3 d5 3. cxd5 Qxd5 4. Nf3 Nc6 5. Nc3 Qd8 6. Bg2 Nf6 7. d3 Bd6 8.
O-O O-O 9. a3 Re8 10. b4 a6 11. Bb2 Bd7 12. Rc1 Ne7 13. Ng5 c6 14. Qb3 Rf8 15.
Nce4 Nxe4 16. Nxe4 Be6 17. Qc2 Bc7 18. Nc5 Bc8 19. Rfd1 Nf5 20. e3 Qf6 21. d4
exd4 22. exd4 Nd6 23. d5 Qg6 24. dxc6 Qxc2 25. Rxc2 bxc6 26. Bxc6 Rb8 27. Bd7
Nb5 28. Bxc8 Rbxc8 29. Nxa6 Bb6 30. Rcd2 Ra8 31. Rd5 Nxa3 32. Bxa3 Rxa6 33. Bb2
Ra2 34. Bd4 Bxd4 35. R1xd4 Rb2 36. b5 g6 37. Rc4 Rb8 38. Rcc5 Rb7 39. Kg2 Kf8
40. Rd8+ Ke7 41. Rdd5 h5 42. h4 Ke6 43. Rg5 Rb4 44. Rge5+ Kd6 45. Red5+ Ke6 46.
Rg5 Rb3 47. Kf1 Kd6 48. Ke2 Ke6 49. Rc6+ Ke7 50. Re5+ Kd7 51. Rf6 Kc8 52. Re8+
Kd7 53. Rxf7+ Kxe8 54. Rxb7 Kf8 55. b6 Kg8 56. Rb8+ Kf7 57. b7 Kg7 58. Kf1 Rb2
59. Kg2 Rb3 60. f3 Rb2+ 61. Kf1 Kf7 62. Rh8 Rb1+ 63. Kg2 Kg7 64. b8=Q 1-0

[Event "2021 FIDE Online Olympiad"]
[Site "Chess.com"]
[Date "2021.08.28"]
[Round "6.4"]
[White "Dunat, Kinberlie"]
[Black "Simwaba, Anne"]
[Result "1-0"]
[WhiteElo "1398"]
[BlackElo "1271"]
[PlyCount "33"]
[EventDate "2021.08.27"]
[EventType "team"]
[EventRounds "9"]
[SourceVersionDate "2018.05.14"]
[WhiteTeam "Haiti"]
[BlackTeam "Malawi"]
[WhiteTeamCountry "HAI"]
[BlackTeamCountry "MWI"]

1. e4 e6 2. Nf3 d5 3. exd5 exd5 4. Nc3 Nf6 5. d4 Bb4 6. Bd2 Bxc3 7. Bxc3 O-O 8.
Be2 Be6 9. O-O a6 10. Bd3 h6 11. Ne5 Nbd7 12. Qf3 Nxe5 13. dxe5 Nd7 14. Qg3 Nc5
15. Bd2 h5 16. Bh6 Nxd3 17. Qxg7# 1-0

[Event "2021 FIDE Online Olympiad"]
[Site "Chess.com"]
[Date "2021.08.28"]
[Round "6.5"]
[White "Kaliba, Andrew"]
[Black "Etienne, Angelo"]
[Result "0-1"]
[WhiteElo "1000"]
[BlackElo "1995"]
[PlyCount "118"]
[EventDate "2021.08.27"]
[EventType "team"]
[EventRounds "9"]
[SourceVersionDate "2018.05.14"]
[WhiteTeam "Malawi"]
[BlackTeam "Haiti"]
[WhiteTeamCountry "MWI"]
[BlackTeamCountry "HAI"]

1. e4 c6 2. d4 d5 3. e5 c5 4. dxc5 Nc6 5. Bf4 a6 6. a3 a5 7. Nf3 Bg4 8. Be2 e6
9. h3 Bh5 10. O-O Bxc5 11. Nbd2 a4 12. b4 axb3 13. cxb3 Bxa3 14. Nh2 Bg6 15.
Ndf3 Nge7 16. Nh4 O-O 17. Nxg6 Nxg6 18. Be3 d4 19. Bd2 Bc5 20. Bc4 Ncxe5 21.
Bb5 Qb6 22. Ba4 Bb4 23. Bxb4 Qxb4 24. Qe2 d3 25. Qe1 Qxe1 26. Rfxe1 Ra5 27. b4
Rd5 28. Nf1 Rd4 29. Rab1 h6 30. Nd2 Rfd8 31. Re4 f5 32. Rxd4 Rxd4 33. Bb3 Kf7
34. g3 f4 35. gxf4 Nxf4 36. Kh2 Ke7 37. Re1 Nf7 38. Re4 Rxe4 39. Nxe4 Nd6 40.
Nc5 Nd5 41. Nxd3 Kf6 42. Kg2 b6 43. Bxd5 exd5 44. Kf3 Kf5 45. Ke3 Nb5 46. Kf3
Nd4+ 47. Ke3 Ne6 48. f3 g5 49. Kf2 Nf4 50. Ne1 Nxh3+ 51. Ke3 Nf4 52. Kd4 h5 53.
Nd3 Nxd3 54. Kxd3 h4 55. Kd4 h3 56. Kxd5 h2 57. Kc6 h1=Q 58. Kxb6 Qxf3 59. Ka7
Qa3+ 0-1

[Event "2021 FIDE Online Olympiad"]
[Site "Chess.com"]
[Date "2021.08.28"]
[Round "6.6"]
[White "Cadeau, Merisena"]
[Black "Dutt, Lakshita"]
[Result "1-0"]
[WhiteElo "1439"]
[BlackElo "1715"]
[PlyCount "131"]
[EventDate "2021.08.27"]
[EventType "team"]
[EventRounds "9"]
[SourceVersionDate "2018.05.14"]
[WhiteTeam "Haiti"]
[BlackTeam "Malawi"]
[WhiteTeamCountry "HAI"]
[BlackTeamCountry "MWI"]

1. e4 e5 2. Nf3 Nc6 3. Bc4 Bc5 4. Nc3 h6 5. d3 Nf6 6. Be3 Bb6 7. O-O d6 8. h3
O-O 9. a3 Be6 10. Ba2 Qd7 11. Nh2 Nh7 12. Nd5 Bxe3 13. fxe3 Kh8 14. Qe2 Ne7 15.
Rf2 c6 16. Nxe7 Qxe7 17. Bxe6 fxe6 18. Raf1 d5 19. exd5 exd5 20. e4 d4 21. Qh5
Rxf2 22. Rxf2 Qg5 23. Qxg5 Nxg5 24. Rf5 Re8 25. Ng4 g6 26. Rxe5 Rxe5 27. Nxe5
Kg7 28. h4 Nf7 29. Nf3 c5 30. Kh2 Kf6 31. Kg3 Ne5 32. Nxe5 Kxe5 33. Kg4 b5 34.
c3 dxc3 35. bxc3 c4 36. dxc4 bxc4 37. Kf3 g5 38. hxg5 hxg5 39. g4 Kf6 40. a4 a5
41. Kf2 Ke5 42. Ke3 Kf6 43. Kd4 Ke6 44. Kxc4 Ke5 45. Kd3 Kf4 46. c4 Kxg4 47. c5
Kf3 48. c6 g4 49. c7 g3 50. c8=Q g2 51. Qf8+ Kg3 52. e5 Kh2 53. e6 g1=Q 54.
Qh8+ Kg2 55. Qg7+ Kf2 56. Qxg1+ Kxg1 57. e7 Kf2 58. e8=Q Kf3 59. Qf8+ Kg4 60.
Qf6 Kg3 61. Qf5 Kg2 62. Qf4 Kh3 63. Qg5 Kh2 64. Qg4 Kh1 65. Ke2 Kh2 66. Kf1 1-0

[Event "2021 FIDE Online Olympiad"]
[Site "Chess.com"]
[Date "2021.08.29"]
[Round "7.1"]
[White "Germinal, Kemly"]
[Black "Van den Brink, Peter"]
[Result "0-1"]
[WhiteElo "1000"]
[BlackElo "2185"]
[PlyCount "86"]
[EventDate "2021.08.27"]
[EventType "team"]
[EventRounds "9"]
[SourceVersionDate "2018.05.14"]
[WhiteTeam "Haiti"]
[BlackTeam "Aruba"]
[WhiteTeamCountry "HAI"]
[BlackTeamCountry "ARN"]

1. e4 c5 2. Nc3 Nc6 3. Bb5 Nd4 4. Bc4 g6 5. Nf3 Bg7 6. O-O e6 7. d3 Ne7 8. Nxd4
cxd4 9. Ne2 O-O 10. f4 d5 11. Bb3 dxe4 12. dxe4 b5 13. Qd3 Qb6 14. Kh1 b4 15.
a3 Ba6 16. Bc4 Bxc4 17. Qxc4 Rfc8 18. Qd3 bxa3 19. Rxa3 Qc5 20. c3 dxc3 21.
Nxc3 Rd8 22. Qf3 Nc6 23. Be3 Qb4 24. Qf2 Bxc3 25. Rxc3 Qxe4 26. Rfc1 Ne7 27.
Rc4 Qxc4 28. Rxc4 Rd1+ 29. Qg1 Rxg1+ 30. Kxg1 Nd5 31. Bd2 Rb8 32. Bc1 Kf8 33.
Ra4 Rb7 34. Kf2 Ke7 35. Kf3 h5 36. Be3 Rb3 37. Re4 Nf6 38. Rc4 Ng4 39. Rc3 Rxc3
40. bxc3 Nxe3 41. Kxe3 Kd6 42. Kd4 f6 43. Kc4 Kc6 0-1

[Event "2021 FIDE Online Olympiad"]
[Site "Chess.com"]
[Date "2021.08.29"]
[Round "7.2"]
[White "Croes, Octavio"]
[Black "Gabriel, Davidson"]
[Result "0-1"]
[WhiteElo "1794"]
[BlackElo "1915"]
[PlyCount "70"]
[EventDate "2021.08.27"]
[EventType "team"]
[EventRounds "9"]
[SourceVersionDate "2018.05.14"]
[WhiteTeam "Aruba"]
[BlackTeam "Haiti"]
[WhiteTeamCountry "ARN"]
[BlackTeamCountry "HAI"]

1. d4 d5 2. c4 c6 3. Nf3 Nf6 4. g3 Bf5 5. Bg2 e6 6. O-O h6 7. Nbd2 Nbd7 8. b3
Be7 9. Bb2 O-O 10. Ne5 a5 11. Rc1 a4 12. Nxd7 Qxd7 13. bxa4 Ra6 14. Re1 Rfa8
15. e4 dxe4 16. Nxe4 Nxe4 17. Bxe4 Bxe4 18. Rxe4 Rxa4 19. Re1 Rxa2 20. Qb3 Bf6
21. Rb1 Bxd4 22. Red1 c5 23. Rd2 e5 24. Kg2 Qc6+ 25. Qf3 e4 26. Qe2 e3+ 27. f3
exd2 28. Qxd2 Bxb2 29. Rxb2 Rxb2 30. Qxb2 Re8 31. Qd2 Qa4 32. Qd3 Qa2+ 33. Kh3
Qe2 34. Qd7 Qe6+ 35. Qxe6 Rxe6 0-1

[Event "2021 FIDE Online Olympiad"]
[Site "Chess.com"]
[Date "2021.08.29"]
[Round "7.3"]
[White "Seine, Rose Berline"]
[Black "Jacobs, Annelaine"]
[Result "1-0"]
[WhiteElo "1679"]
[BlackElo "1612"]
[PlyCount "63"]
[EventDate "2021.08.27"]
[EventType "team"]
[EventRounds "9"]
[SourceVersionDate "2018.05.14"]
[WhiteTeam "Haiti"]
[BlackTeam "Aruba"]
[WhiteTeamCountry "HAI"]
[BlackTeamCountry "ARN"]

1. e4 d6 2. d4 g6 3. Nf3 Nf6 4. Bd3 Bg7 5. O-O O-O 6. c4 Nc6 7. Nbd2 Bg4 8. h3
Bxf3 9. Nxf3 e5 10. dxe5 dxe5 11. Be3 Re8 12. Rc1 Nb4 13. Bb1 Qxd1 14. Rcxd1
Nc6 15. Rd2 Rad8 16. Rfd1 Rxd2 17. Rxd2 a6 18. Kf1 Nh5 19. g3 Rd8 20. Rxd8+
Nxd8 21. Ke2 Nc6 22. Nd2 Nf6 23. Nb3 Nd7 24. Nc1 Nd4+ 25. Kd2 c5 26. a3 b5 27.
cxb5 axb5 28. b3 Nb6 29. Bd3 c4 30. bxc4 bxc4 31. Bf1 Bf8 32. a4 1-0

[Event "2021 FIDE Online Olympiad"]
[Site "Chess.com"]
[Date "2021.08.29"]
[Round "7.4"]
[White "Aponte, Samantha"]
[Black "Paul, Theophane"]
[Result "0-1"]
[WhiteElo "1087"]
[BlackElo "1493"]
[PlyCount "52"]
[EventDate "2021.08.27"]
[EventType "team"]
[EventRounds "9"]
[SourceVersionDate "2018.05.14"]
[WhiteTeam "Aruba"]
[BlackTeam "Haiti"]
[WhiteTeamCountry "ARN"]
[BlackTeamCountry "HAI"]

1. e4 c6 2. d4 d5 3. exd5 cxd5 4. Nc3 e6 5. Bf4 Nf6 6. Nf3 Bd6 7. Bg3 Nc6 8.
Bb5 O-O 9. O-O Bxg3 10. fxg3 Qb6 11. Kh1 a6 12. Bxc6 bxc6 13. b3 Qc7 14. Qd3 a5
15. Rae1 Ba6 16. Qd2 Bxf1 17. Rxf1 Rfc8 18. Na4 Ne4 19. Qe3 c5 20. Nxc5 Nxc5
21. dxc5 Qxc5 22. Qf4 Qxc2 23. Ng5 Rf8 24. Nxf7 Qg6 25. Qc7 Rxf7 26. Rc1 Rxc7
0-1

[Event "2021 FIDE Online Olympiad"]
[Site "Chess.com"]
[Date "2021.08.29"]
[Round "7.5"]
[White "Etienne, Angelo"]
[Black "Stetsenko, Ilya"]
[Result "1/2-1/2"]
[WhiteElo "1995"]
[BlackElo "1683"]
[PlyCount "98"]
[EventDate "2021.08.27"]
[EventType "team"]
[EventRounds "9"]
[SourceVersionDate "2018.05.14"]
[WhiteTeam "Haiti"]
[BlackTeam "Aruba"]
[WhiteTeamCountry "HAI"]
[BlackTeamCountry "ARN"]

1. d4 Nf6 2. Nf3 e6 3. Bf4 c5 4. e3 d5 5. c3 Bd6 6. Bg3 Qc7 7. Nbd2 Nbd7 8. Bd3
O-O 9. O-O e5 10. dxe5 Nxe5 11. Nxe5 Bxe5 12. Bxe5 Qxe5 13. Nf3 Qe7 14. Qa4 Bd7
15. Qh4 h6 16. Rfe1 Rfe8 17. Rad1 Bc6 18. Bf5 Ne4 19. Qxe7 Rxe7 20. Bxe4 dxe4
21. Nd2 Rd8 22. Nb3 Rxd1 23. Rxd1 b6 24. Rd6 Rd7 25. Rxd7 Bxd7 26. Kf1 Bb5+ 27.
Ke1 Bd3 28. f3 f5 29. fxe4 Bxe4 30. Kf2 Bd5 31. Nc1 Kf7 32. b4 cxb4 33. cxb4
Bc4 34. e4 fxe4 35. Ke3 Bd5 36. Kd4 Ke6 37. a3 Bb7 38. Ne2 Kf5 39. h3 g5 40. g3
h5 41. a4 h4 42. g4+ Ke6 43. Nc3 e3 44. Kxe3 Bg2 45. Ne4 Bxe4 46. Kxe4 a6 47.
Kd4 Kd6 48. Ke4 Ke6 49. Kd4 Kd6 1/2-1/2

[Event "2021 FIDE Online Olympiad"]
[Site "Chess.com"]
[Date "2021.08.29"]
[Round "7.1"]
[White "Diaz Hollemaert, Nahuel"]
[Black "Kamwendo, Precious"]
[Result "1-0"]
[WhiteElo "2496"]
[BlackElo "1934"]
[PlyCount "93"]
[EventDate "2021.08.27"]
[EventType "team"]
[EventRounds "9"]
[SourceVersionDate "2018.05.14"]
[WhiteTeam "Uruguay"]
[BlackTeam "Malawi"]
[WhiteTeamCountry "URU"]
[BlackTeamCountry "MWI"]

1. Nf3 Nf6 2. c4 c5 3. b3 g6 4. Bb2 Bg7 5. g3 b6 6. e4 d6 7. Bg2 Bb7 8. d3 O-O
9. O-O Nbd7 10. Nc3 a6 11. Nh4 Ne5 12. f4 Nc6 13. Qd2 Nd4 14. e5 dxe5 15. Bxb7
Ra7 16. Bg2 exf4 17. gxf4 Rd7 18. Kh1 e6 19. Nf3 Nxf3 20. Rxf3 Nh5 21. Raf1 Nf6
22. Qe2 Qc7 23. Ne4 Nxe4 24. Bxg7 Kxg7 25. Qxe4 Rfd8 26. Qe5+ Kg8 27. Qxc7 Rxc7
28. Re1 Rcd7 29. Bf1 Rd4 30. Kg2 a5 31. Rb1 Kf8 32. Kf2 Ke7 33. Ke3 Kd6 34. a3
Kc7 35. b4 cxb4 36. axb4 axb4 37. Rxb4 R4d6 38. Rf2 Re8 39. d4 Ra8 40. Rfb2
Ra3+ 41. R4b3 Ra1 42. Be2 Ra5 43. Bf3 Ra4 44. c5 Rdxd4 45. Rxb6 Rdc4 46. Rb7+
Kc8 47. Rb8+ 1-0

[Event "2021 FIDE Online Olympiad"]
[Site "Chess.com"]
[Date "2021.08.29"]
[Round "7.2"]
[White "Mwangupili, Francisco"]
[Black "Roselli Mailhe, Bernardo"]
[Result "0-1"]
[WhiteElo "1874"]
[BlackElo "2442"]
[PlyCount "104"]
[EventDate "2021.08.27"]
[EventType "team"]
[EventRounds "9"]
[SourceVersionDate "2018.05.14"]
[WhiteTeam "Malawi"]
[BlackTeam "Uruguay"]
[WhiteTeamCountry "MWI"]
[BlackTeamCountry "URU"]

1. d4 Nf6 2. Nf3 g6 3. g3 Bg7 4. Bg2 O-O 5. O-O d6 6. c3 c5 7. Nbd2 Nc6 8. dxc5
dxc5 9. Nb3 Nd7 10. Be3 b6 11. Qd2 Qc7 12. Bh6 Ba6 13. Bxg7 Kxg7 14. Rad1 Rad8
15. Rfe1 Nde5 16. Qc2 Nxf3+ 17. Bxf3 Ne5 18. Bg2 Rxd1 19. Rxd1 Rd8 20. Rxd8
Qxd8 21. Kf1 Nc4 22. Bf3 Qd7 23. Kg2 Qa4 24. Qb1 e6 25. e3 Ne5 26. Qe4 Qxe4 27.
Bxe4 Bd3 28. Nd2 f5 29. Bf3 Kf6 30. h3 Nxf3 31. Kxf3 Ke5 32. g4 g5 33. Kg3 f4+
34. exf4+ gxf4+ 35. Kg2 Kd5 36. h4 e5 37. Kf3 b5 38. h5 a5 39. b3 b4 40. cxb4
cxb4 41. g5 Kd4 42. Kg4 Kd5 43. Nc4 Ke6 44. Nxa5 Bf5+ 45. Kf3 Bb1 46. Nc6 Bxa2
47. h6 Kf5 48. Nxe5 Kxg5 49. Nd3 Bxb3 50. Nxb4 Bc4 51. Nc6 Bd5+ 52. Ke2 Bxc6
0-1

[Event "2021 FIDE Online Olympiad"]
[Site "Chess.com"]
[Date "2021.08.29"]
[Round "7.3"]
[White "de Leon, Patricia"]
[Black "Shriyan Santosh, Priyasha"]
[Result "1-0"]
[WhiteElo "1861"]
[BlackElo "1542"]
[PlyCount "81"]
[EventDate "2021.08.27"]
[EventType "team"]
[EventRounds "9"]
[SourceVersionDate "2018.05.14"]
[WhiteTeam "Uruguay"]
[BlackTeam "Malawi"]
[WhiteTeamCountry "URU"]
[BlackTeamCountry "MWI"]

1. d4 g6 2. e4 Bg7 3. Nf3 a6 4. c3 b5 5. a4 bxa4 6. Bd3 Bb7 7. Qxa4 Nf6 8. e5
Nd5 9. O-O Nb6 10. Qd1 O-O 11. Re1 d6 12. e6 fxe6 13. Ng5 Qd7 14. Nxh7 Rf5 15.
Bxf5 exf5 16. Ng5 Nc6 17. Ne6 Bf6 18. Bg5 Bxg5 19. Nxg5 e5 20. Qb3+ Kg7 21. d5
Ne7 22. c4 Rh8 23. Nd2 Kf6 24. Ndf3 Rh5 25. Qc3 Na4 26. Rxa4 Rxg5 27. Nxg5 Qxa4
28. Qg3 Qb4 29. Rf1 Bc8 30. Nh7+ Kg7 31. Qh4 Ng8 32. Ng5 Nh6 33. Ne6+ Bxe6 34.
dxe6 d5 35. Qd8 Ng8 36. cxd5 Qc5 37. Qd7+ Ne7 38. h3 Kf6 39. h4 e4 40. Qd8 Qb4
41. Qh8# 1-0

[Event "2021 FIDE Online Olympiad"]
[Site "Chess.com"]
[Date "2021.08.29"]
[Round "7.4"]
[White "Msukwa, Tupokiwe"]
[Black "Quevedo, Andreina"]
[Result "0-1"]
[WhiteElo "1299"]
[BlackElo "1843"]
[PlyCount "58"]
[EventDate "2021.08.27"]
[EventType "team"]
[EventRounds "9"]
[SourceVersionDate "2018.05.14"]
[WhiteTeam "Malawi"]
[BlackTeam "Uruguay"]
[WhiteTeamCountry "MWI"]
[BlackTeamCountry "URU"]

1. d4 Nf6 2. c4 g6 3. Nc3 Bg7 4. Nf3 d6 5. e4 O-O 6. Be2 e5 7. dxe5 dxe5 8.
Nxe5 Qxd1+ 9. Bxd1 Nxe4 10. Nxe4 Bxe5 11. O-O Be6 12. Be2 Nc6 13. Nc5 Nd4 14.
Bd3 Bc8 15. Rb1 b6 16. Ne4 f5 17. Bh6 fxe4 18. Bxe4 Bf5 19. Bxf8 Bxe4 20. Rbe1
Bd3 21. Rxe5 Bxf1 22. Kxf1 Kxf8 23. Rd5 c5 24. b4 Ne6 25. b5 Ke7 26. g3 Rd8 27.
Re5 Rd4 28. h3 Rxc4 29. g4 Rb4 0-1